Actors who worked with Michael Bay - Statistics

General Stats
  • This quiz has been taken 56 times
  • The average score is 23 of 91
Answer Stats
Films Answer % Correct
Transformers, Transformers: Revenge of the Fallen, Transformers: Dark of the Moon Shia LaBeouf
100%
Armageddon, Pearl Harbor Ben Affleck
95%
Armageddon Bruce Willis
95%
Pain & Gain, Transformers: Age of Extinction, Transformers: The Last Knight Mark Wahlberg
95%
Bad Boys, Bad Boys II Will Smith
90%
Bad Boys II, Transformers, Transformers: Revenge of the Fallen Megan Fox
85%
Bad Boys, Bad Boys II Martin Lawrence
80%
Pain & Gain Dwayne Johnson
75%
The Island Scarlett Johansson
75%
The Rock Nicolas Cage
70%
Transformers: The Last Knight Anthony Hopkins
60%
The Rock, Pain & Gain Ed Harris
60%
The Island Ewan McGregor
60%
Armageddon Liv Tyler
60%
The Rock Sean Connery
55%
Transformers, Transformers: Revenge of the Fallen, Transformers: Dark of the Moon Hugo Weaving
50%
Armageddon, The Island, Transformers: The Last Knight Steve Buscemi
50%
Transformers: Dark of the Moon John Malkovich
45%
Transformers, Transformers: Revenge of the Fallen, Transformers: Dark of the Moon, Transformers: The Last Knight John Turturro
45%
Ambulance Jake Gyllenhaal
40%
Pearl Harbor Kate Beckinsale
40%
Transformers Bernie Mac
35%
13 Hours: The Secret Soldiers of Benghazi John Krasinski
35%
Pearl Harbor Josh Hartnett
35%
6 Underground Ryan Reynolds
35%
Transformers, Transformers: Revenge of the Fallen, Transformers: Dark of the Moon Tyrese Gibson
35%
Pain & Gain Anthony Mackie
30%
Transformers: Revenge of the Fallen, Transformers: Dark of the Moon, Transformers: Age of Extinction, Transformers: The Last Knight Frank Welker
30%
Armageddon Owen Wilson
30%
Transformers, Transformers: Revenge of the Fallen, Transformers: Dark of the Moon, Transformers: Age of Extinction, Transformers: The Last Knight Peter Cullen
30%
Transformers: Age of Extinction, Transformers: The Last Knight Stanley Tucci
30%
Bad Boys Téa Leoni
30%
Transformers: Dark of the Moon Frances McDormand
25%
Transformers: Age of Extinction, Transformers: The Last Knight John Goodman
25%
Transformers, Transformers: Revenge of the Fallen, Transformers: Dark of the Moon, Transformers: The Last Knight Josh Duhamel
25%
Armageddon, The Island Michael Clarke Duncan
25%
The Island Sean Bean
25%
Pearl Harbor Alec Baldwin
20%
Pearl Harbor Cuba Gooding Jr.
20%
6 Underground Dave Franco
20%
The Island Djimon Hounsou
20%
Pearl Harbor, Transformers Jon Voight
20%
Transformers: Age of Extinction Kelsey Grammer
20%
Transformers: Revenge of the Fallen Rainn Wilson
20%
Transformers, Transformers: Revenge of the Fallen, Transformers: Dark of the Moon, Transformers: Age of Extinction, Transformers: The Last Knight Reno Wilson
20%
Ambulance Eiza González
15%
Transformers, Transformers: Revenge of the Fallen, Transformers: Dark of the Moon Kevin Dunn
15%
Transformers: Dark of the Moon Leonard Nimoy
15%
Pain & Gain Rebel Wilson
15%
Transformers Anthony Anderson
10%
Pearl Harbor Jennifer Garner
10%
Transformers, Transformers: Revenge of the Fallen, Transformers: Dark of the Moon Julie White
10%
Transformers: Age of Extinction, Transformers: The Last Knight Ken Watanabe
10%
Transformers: The Last Knight Laura Haddock
10%
Transformers: Dark of the Moon Patrick Dempsey
10%
Armageddon, Bad Boys II, Pain & Gain Peter Stormare
10%
Transformers: Dark of the Moon Rosie Huntington-Whiteley
10%
Ambulance Yahya Abdul-Mateen II
10%
Bad Boys II Gabrielle Union
5%
Transformers: The Last Knight Gemma Chan
5%
Transformers: The Last Knight Isabela Merced
5%
Transformers: Revenge of the Fallen Isabel Lucas
5%
Transformers, Transformers: Revenge of the Fallen, Transformers: Dark of the Moon Jess Harnell
5%
Transformers: Dark of the Moon, Transformers: Age of Extinction, Transformers: The Last Knight John DiMaggio
5%
Bad Boys II Jordi Mollà
5%
The Rock Michael Biehn
5%
Transformers: Age of Extinction Nicola Peltz
5%
Transformers: The Last Knight Omar Sy
5%
Transformers Rachael Taylor
5%
Transformers, Transformers: Revenge of the Fallen, Transformers: Dark of the Moon, Transformers: Age of Extinction Robert Foxworth
5%
Transformers: Revenge of the Fallen, Transformers: Dark of the Moon, Transformers: The Last Knight Tom Kenny
5%
Pain & Gain Tony Shalhoub
5%
Armageddon, Pearl Harbor William Fichtner
5%
Transformers: Dark of the Moon Alan Tudyk
0%
6 Underground Ben Hardy
0%
Transformers: Age of Extinction Ben Schwartz
0%
Armageddon Billy Bob Thorton
0%
Pearl Harbor Dan Akroyd
0%
The Island Ethan Philips
0%
Pearl Harbor, The Island, Transformers, Transformers: Revenge of the Fallen, Transformers: Dark of the Moon, Transformers: The Last Knight Glenn Morshower
0%
Transformers: Age of Extinction Jack Reynor
0%
Armageddon Jason Isaacs
0%
Transformers: Dark of the Moon, Pain & Gain Ken Jeong
0%
Bad Boys, Pearl Harbor Kim Coates
0%
13 Hours: The Secret Soldiers of Benghazi Max Martini
0%
13 Hours: The Secret Soldiers of Benghazi Pablo Schreiber
0%
Transformers: Revenge of the Fallen Ramon Rodriguez
0%
Transformers: Age of Extinction Sophia Myles
0%
Transformers: Age of Extinction Titus Welliver
0%
Transformers: Age of Extinction T.J. Miller
0%
Pearl Harbor Tom Sizemore
0%
No matching quizzes found
Score Distribution
Percent of People with Each Score
Percentile by Number Answered
Your Score History
You have not taken this quiz